Vista normal
Vista MARC
Entrada Personal Name
Número de registros utilizados en: 2
001 - CONTROL NUMBER
- control field: 14620
003 - CONTROL NUMBER IDENTIFIER
- control field: DLC
005 - DATE AND TIME OF LATEST TRANSACTION
- control field: 20230810145836.0
008 - FIXED-LENGTH DATA ELEMENTS
- fixed length control field: 860113n| azannaabn a aaa
010 ## - LIBRARY OF CONGRESS CONTROL NUMBER
- LC control number: n 85318872
040 ## - CATALOGING SOURCE
- Original cataloging agency: DLC
- Language of cataloging: spa
- Description conventions: rda
- Transcribing agency: Mx-PuUPA
- Modifying agency: DLC
- Modifying agency: Uk
- Modifying agency: DLC
- Modifying agency: Mx-PuUPA
046 ## - SPECIAL CODED DATES
- Birth date: 19470827
- Source of date scheme: edtf
100 1# - HEADING--PERSONAL NAME
- Personal name: White, Tony,
- Dates associated with a name: 1947-
374 ## - OCCUPATION
- Occupation: Autor
375 ## - GENDER
- Gender: hombre
377 ## - ASSOCIATED LANGUAGE
- Language code: eng
400 1# - SEE FROM TRACING--PERSONAL NAME
- Personal name: White, Anthony Richard,
- Dates associated with a name: 1947-
670 ## - SOURCE DATA FOUND
- Source citation: His The animator's workbook, 1986:
- Information found: CIP t.p. (Tony White)
670 ## - SOURCE DATA FOUND
- Source citation: Ph. call fr. pub., 1-8-86
- Information found: (b. 8/27/47)
670 ## - SOURCE DATA FOUND
- Source citation: BL AL recd. 21 Sept. 1993
- Information found: (Anthony Richard White, born 27 Aug. 1947)